Ancient and classical art / (Record no. 10070)
[ view plain ]
| 000 -LEADER | |
|---|---|
| fixed length control field | 01006nam a22002892a 4500 |
| 001 - CONTROL NUMBER | |
| JCCL Control Number | 10070 |
| 003 - CONTROL NUMBER IDENTIFIER | |
| JCCL marc code | BD - JhCC |
| 005 - DATE AND TIME OF LATEST TRANSACTION | |
| control field | 20180405105926.0 |
| 008 - FIXED-LENGTH DATA ELEMENTS--GENERAL INFORMATION | |
| fixed length control field | 180405s1967 enka 000 0 eng d |
| 035 ## - SYSTEM CONTROL NUMBER | |
| system control number | OCLC ocm11966027 from D960112M |
| -- | (BD - JhCC)10070 |
| 040 ## - CATALOGING SOURCE | |
| Original cataloging agency | CDS |
| Transcribing agency | CDS |
| Modifying agency | UKM |
| -- | EQO |
| -- | BD - JhCC |
| 041 1# - LANGUAGE CODE | |
| Language code of Book | eng |
| Language code of original and/or intermediate translations of text | ger |
| 082 ## - DEWEY DECIMAL CLASSIFICATION NUMBER | |
| Classification number | 759.9/3 |
| DDC Edition number | 18 |
| Author mark and Year | KAH 1967 |
| 090 ## - LOCALLY ASSIGNED LC-TYPE CALL NUMBER (OCLC); LOCAL CALL NUMBER (OCLC) | |
| Classification number (OCLC) (R) ; Classification number, CALL (RLIN) (NR) | ND70 |
| Local cutter number (OCLC) ; Book number/undivided call number, CALL (RLIN) | .K3 |
| 100 1# - MAIN ENTRY--PERSONAL NAME | |
| Personal name | Kahane, P. P. |
| 245 10 - TITLE STATEMENT | |
| Title | Ancient and classical art / |
| Statement of responsibility, etc | by P.P. Kahane. [Translated from the German by Robert Erich Wolf] |
| 260 ## - PUBLICATION, DISTRIBUTION, ETC. (IMPRINT) | |
| Place of publication, distribution, etc | London : |
| Name of publisher, distributor, etc | Thames and Hudson, |
| Date of publication, distribution, etc | 1967. |
| 300 ## - PHYSICAL DESCRIPTION | |
| Pagination | 202 p. |
| Other physical details | 172 col. illus. |
| Dimensions | 17 cm |
| 490 1# - SERIES STATEMENT | |
| Series statement | Dolphin history of painting ; |
| Volume number/sequential designation | v. 1 |
| 500 ## - GENERAL NOTE | |
| General note | Originally published as part of one volume entitled 20,000 years of world painting, edited by Hans L.C. Jaffé |
| 650 #0 - SUBJECT ADDED ENTRY--TOPICAL TERM | |
| Topical term or geographic name as entry element | Painting, Ancient |
| 650 #0 - SUBJECT ADDED ENTRY--TOPICAL TERM | |
| Topical term or geographic name as entry element | Painting, Greco-Roman |
| 700 1# - ADDED ENTRY--PERSONAL NAME | |
| Personal name | Jaffé, Hans Ludwig C. |
| 830 #0 - SERIES ADDED ENTRY--UNIFORM TITLE | |
| Uniform title | Dolphin history of painting ; |
| Volume number/sequential designation | v. 1 |
| 942 ## - ADDED ENTRY ELEMENTS (KOHA) | |
| Source of classification or shelving scheme | Dewey Decimal Classification |
| Koha item type | Reference |
| Source of classification or shelving scheme | Damaged status | Not for loan | Home library | Current library | Shelving location | Date of accession | Total Checkouts | Full call number | Barcode | Date last seen | Copy number | Koha item type |
|---|---|---|---|---|---|---|---|---|---|---|---|---|
| Dewey Decimal Classification | JCC Rouf Library | JCC Rouf Library | Reference | 04/04/2018 | 759.9/3 KAH 1967 | 12745 | 08/17/2022 | C-1 | Reference |